A study of intercrops in smallholdings in India (Record no. 49840)

MARC details
000 -LEADER
fixed length control field 00563nam a2200121Ia 4500
100 ## - MAIN ENTRY--AUTHOR NAME
Personal name Krishnankutty P.N.
245 #2 - TITLE STATEMENT
Title A study of intercrops in smallholdings in India
260 ## - PUBLICATION, DISTRIBUTION, ETC. (IMPRINT)
Name of publisher In: Progress and development of rubber smallholders: Proceedings of the Third Seminar, 24-30 November 1977, Cochin, India. (Eds. Sumardi Reksopoetranto and G.S. Tan). Association of Natural Rubber Producing Countries, Kuala Lumpur, Malaysia, pp. 191-195.
Year of publication 1979
650 ## - SUBJECT ADDED ENTRY--TOPICAL TERM
Topical Term Intercropping
650 ## - SUBJECT ADDED ENTRY--TOPICAL TERM
Topical Term Smallholdings
942 ## - ADDED ENTRY ELEMENTS (KOHA)
Koha item type Bibliography STAF
Holdings
Withdrawn status Lost status Damaged status Not for loan Home library Current library Shelving location Date acquired Koha item type
      Bibliography RRII Library RRII Library Economics 09/04/2014 Bibliography STAF